000 00920am a2200289a 44500
003 AR-BaBNM
005 20251128211037.0
008 262020s1996 #AR|||||||||||000 | ing||
020 _a0-205-15629-0
040 _cAR-BaBNM
100 1 _aGonzalez, Virginia
245 1 0 _aAssessment and instruction of culturally and linguistically diverse students with or at-risk of learning problems
_bfrom research to practice
260 _aBoston
_bAllyn & Bacon
_c1996
300 _a254 p.
500 _aContiene índice analítico y de nombres
650 4 _aDIFICULTADES EN EL APRENDIZAJE
650 4 _aPROCESO DE APRENDIZAJE
650 4 _aEDUCACION MULTICULTURAL
650 4 _aDIFERENCIACION CULTURAL
650 4 _aMARGINALIDAD SOCIAL
653 _aESTRATEGIAS DIDACTICAS
653 _aEDUCACION EN LA DIVERSIDAD
700 1 _aBrusca-Vega, Rita
700 1 _aYawkey, Thomas
942 _cBK
998 _craquel
999 _c17991
_d17991